000
00319nam a2200133Ia 4500
005
20251222142023.0
008
251222s9999||||xx |||||||||||||| ||spa||
020
_a
978-84-8164-911-6
082
_a
201/G63
100
_a
Gómez Caffarena, José
245
0
_a
El Enigma y el Misterio:
264
_b
Trotta
942
_c
LIB
999
_c
10730
_d
10730